| 000 | 00643nam a22001937a 4500 | ||
|---|---|---|---|
| 005 | 20250808143047.0 | ||
| 010 | _aENG-126477 ENG-146428 | ||
| 020 |
_c595.00 _a978-93-80458-39-7 |
||
| 035 | _aEN-110007 | ||
| 035 | _aEN-129960 | ||
| 037 | _bDBAD/PUB | ||
| 082 | _a362.10954 | ||
| 100 |
_aKumar , Dhananjay _984003 |
||
| 245 |
_aDishonest Mediacine / _cby Dhananjay Kumar |
||
| 260 |
_aNew Delhi _bSamayik Books _c2019,2024 |
||
| 270 |
_bNew Delhi _a3320-21 Jatwara, Dariyaganj ,N.S. Marg _e110002 _msamayikprakashan@gmail.com _k07065507086 , 09868934715 |
||
| 300 |
_a192p. _c22cm(Hbk) |
||
| 942 |
_2ddc _cEN _h362.10954 _mKUM |
||
| 999 |
_c167665 _d167665 |
||